| 000 | 00564nam a22002057a 4500 | ||
|---|---|---|---|
| 003 | OSt | ||
| 005 | 20150414154941.0 | ||
| 008 | 150414b xxu||||| |||| 00| 0 eng d | ||
| 020 | _a0853695709 | ||
| 040 | _cDNLM | ||
| 082 | _aQV 744 C124e 2003 | ||
| 100 |
_aCairns Donald _93813 |
||
| 245 |
_aEssentials of Pharmaceutical chemistry / _cDonald Cairns |
||
| 250 | _a2nd ed. | ||
| 260 |
_aLondon : _bParmaceutical Press ; _c2003. |
||
| 300 |
_axv, 239 cm. _bill; _c24 cm. |
||
| 504 | _aIncludes index | ||
| 650 |
_aPharmaceutical chemistry _9283 |
||
| 942 |
_2z _cSLOAN |
||
| 999 |
_c1446 _d1446 |
||